Pembunuhan dalam hujan (Record no. 58808)

MARC details
000 -LEADER
fixed length control field 00740nam a2200277 i 4500
001 - CONTROL NUMBER
control field C2-0244606
003 - CONTROL NUMBER IDENTIFIER
control field PPAK
005 - DATE AND TIME OF LATEST TRANSACTION
control field 20180727205824.0
008 - FIXED-LENGTH DATA ELEMENTS--GENERAL INFORMATION
fixed length control field 030105s2003 my |||| ||||| | may d
020 ## - INTERNATIONAL STANDARD BOOK NUMBER
International Standard Book Number 9832472652
040 ## - CATALOGING SOURCE
Original cataloging agency PPAK
Language of cataloging eng
Transcribing agency PPAK
Description conventions rda
082 04 - DEWEY DECIMAL CLASSIFICATION NUMBER
Classification number 899.233
Edition number 23
090 00 - LOCALLY ASSIGNED LC-TYPE CALL NUMBER (OCLC); LOCAL CALL NUMBER (RLIN)
Classification number (OCLC) (R) ; Classification number, CALL (RLIN) (NR) 899.233
Feature heading NUR
Feature heading K
100 0# - MAIN ENTRY--PERSONAL NAME
Personal name Nur Azlan,
Relator term author
245 10 - TITLE STATEMENT
Title Pembunuhan dalam hujan
264 #1 - PRODUCTION, PUBLICATION, DISTRIBUTION, MANUFACTURE, AND COPYRIGHT NOTICE
Place of production, publication, distribution, manufacture Kuala Lumpur :
Name of producer, publisher, distributor, manufacturer Penerbitan PCT ,
Date of production, publication, distribution, manufacture, or copyright notice 2003
300 ## - PHYSICAL DESCRIPTION
Extent 72 pages ;
Dimensions 19 cm
336 ## - CONTENT TYPE
Source rdacontent
Content type term text
337 ## - MEDIA TYPE
Source rdamedia
Media type term unmediated
338 ## - CARRIER TYPE
Source rdacarrier
Carrier type term volume
490 1# - SERIES STATEMENT
Series statement Siri jejak jenayah
500 ## - GENERAL NOTE
General note 2 cerita dalam 1
650 10 - SUBJECT ADDED ENTRY--TOPICAL TERM
Topical term or geographic name entry element Children's stories, Malay
830 #0 - SERIES ADDED ENTRY--UNIFORM TITLE
Uniform title Siri jejak jenayah
942 ## - ADDED ENTRY ELEMENTS (KOHA)
-- dc
Koha item type Book
Holdings
Withdrawn Not for loan Current library Shelving location Date acquired Full call number Barcode Date last seen Koha item type Total Checkouts Date last checked out
    Perpustakaan Alor Setar Pinjaman Kanak-kanak 13/07/2003 K 899.233 NUR A01031883 25/04/2021 Book 1 22/04/2021
    Perpustakaan Jitra Pinjaman Kanak-kanak 13/07/2003 K 899.233 NUR A01031884 08/05/2018 Book    
    Perpustakaan Kulim Pinjaman Kanak-kanak 05/01/2003 K 899.233 NUR A01020230 08/05/2018 Book    
    Perpustakaan Kulim Pinjaman Kanak-kanak 05/01/2003 K 899.233 NUR A01020232 08/05/2018 Book    
    Bergerak 3, Baling Pinjaman Kanak-kanak 12/04/2003 K 899.233 NUR A01025570 08/05/2018 Book    
    Bergerak 3, Baling Pinjaman Kanak-kanak 13/07/2003 K 899.233 NUR A01031888 08/05/2018 Book    
    Bergerak 4, Sungai Petani Pinjaman Kanak-kanak 13/07/2003 K 899.233 NUR A01031889 08/05/2018 Book    
    Bergerak 5, Kulim Pinjaman Kanak-kanak 13/07/2003 K 899.233 NUR A01031890 08/05/2018 Book    
    PD30, Bandar Baru Beris Jaya, Sik Pinjaman Kanak-kanak 29/06/2004 K 899.233 NUR A01065932 08/05/2018 Book